Statistics for U.S. States with More Cows than People

Click here to take the quiz!

General Stats

  • This quiz has been taken 10,722 times
  • The average score is 7 of 9

Answer Stats

Cows per Person State % Correct
2.26North Dakota
87%
4.51South Dakota
87%
2.54Montana
86%
2.24Wyoming
85%
1.42Idaho
82%
2.15Kansas
81%
3.38Nebraska
78%
1.26Iowa
75%
1.22Oklahoma
70%

Score Distribution

Percentile by Number Answered

Percent of People with Each Score

Your Score History

You have not taken this quiz